| Tag |
First Indicator |
Second Indicator |
Subfields |
| LEADER |
00000cam a22000008a 4500 |
| 001 |
in00001306321 |
| 005 |
20151005052706.0 |
| 008 |
951207s1996 cau b 000 0 eng |
| 010 |
|
|
|a 95052611
|
| 020 |
|
|
|a 0833023357 (alk. paper)
|
| 035 |
|
|
|a (OCoLC)33947311
|
| 035 |
|
|
|9 AHB1753AM
|
| 040 |
|
|
|a DLC
|c DLC
|d SCT
|d TXA
|d UtOrBLW
|
| 043 |
|
|
|a n-us---
|
| 049 |
|
|
|a TXAM
|
| 050 |
0 |
0 |
|a UA23.7
|b .S38 1996
|
| 082 |
0 |
0 |
|a 355/.033573
|2 20
|
| 088 |
|
|
|a MR-651-JS
|
| 100 |
1 |
|
|a Schwabe, William,
|d 1942-
|
| 245 |
1 |
0 |
|a Analytic architecture for Joint Staff decision support activities :
|b final report /
|c William L. Schwabe, Leslie Lewis, John Schrader.
|
| 263 |
|
|
|a 9601
|
| 264 |
|
1 |
|a Santa Monica, Calif. :
|b RAND,
|c 1996.
|
| 300 |
|
|
|a xvi, 58 pages ;
|c 28 cm.
|
| 336 |
|
|
|a text
|b txt
|2 rdacontent
|
| 337 |
|
|
|a unmediated
|b n
|2 rdamedia
|
| 338 |
|
|
|a volume
|b nc
|2 rdacarrier
|
| 500 |
|
|
|a "National Defense Research Institute."
|
| 500 |
|
|
|a "Prepared for the Joint Staff."
|
| 504 |
|
|
|a Includes bibliographical references.
|
| 500 |
|
|
|a "MR-651-JS"--[page 4] cover.
|
| 610 |
1 |
0 |
|a United States.
|b Joint Chiefs of Staff
|x Management.
|
| 650 |
|
0 |
|a Military policy
|x Decision making.
|
| 650 |
|
0 |
|a Decision support systems.
|
| 700 |
1 |
|
|a Lewis, Leslie.
|
| 700 |
1 |
|
|a Schrader, John Y.
|
| 710 |
1 |
|
|a United States.
|b Joint Chiefs of Staff.
|b Joint Staff.
|
| 710 |
2 |
|
|a National Defense Research Institute (U.S.)
|
| 710 |
2 |
|
|a Rand Corporation.
|
| 999 |
|
|
|a MARS
|
| 999 |
f |
f |
|s 4e90e1da-dedc-36a3-9b25-b3f727148ff1
|i a862a6ca-97e2-30ef-88c8-35ecf631e973
|t 0
|
| 952 |
f |
f |
|p ric
|a Texas A&M University
|b Rellis Campus
|c Joint Library Facility
|d Remote Storage
|t 0
|e UA23.7 .S38 1996
|h Library of Congress classification
|i unmediated -- volume
|m A14820098224
|
| 998 |
f |
f |
|a UA23.7 .S38 1996
|t 0
|l Remote Storage
|